Score 0/7 Timer 03:00
0 Plays Today
Question Answer Wrong Answers
This US President installs a secret taping system in White House.
1971
Richard Nixon
91%
John F. Kennedy
2%
Lyndon B. Johnson
2.6%
Gerald Ford
1.6%
The Saint Valentine's Day Massacre occurs in Chicago; 7 rival gang members are killed in broad daylight, allegedly on this gangster's orders.
1929
Al Capone
87.1%
Bugsy Siegel
6%
John Torrio
1.4%
Machine Gun Kelly
3.9%
Ayatollah Khomeini issues a fatwa, calling on all Muslims to murder this 'The Satanic Verses' author for blasphemy.
1989
Salman Rushdie
83%
Christopher Hitchens
3.9%
Roald Dahl
5.8%
Cormac McCarthy
4%
This Philadelphia 76ers center breaks the NBA career scoring record of 20,884 points at the age of 29.
1966
Wilt Chamberlain
67.6%
Bill Walton
5%
Bill Russell
9.2%
Kareem Abdul-Jabbar
15.6%
This British King, who was later the subject of a Shakespeare play, dies of starvation.
1400
Richard II
50.9%
Henry VIII
26.5%
Edward IV
7.9%
Henry II
14.5%
In New York City, this man becomes first serving US President to have his photograph taken.
1849
James K. Polk
41.8%
Abraham Lincoln
23%
William H. Harrison
16.8%
John Tyler
17.8%
This US state, which borders the Pacific Ocean, is admitted to the Union, the 33rd.
1859
Oregon
40.2%
Washington
13.7%
California
41%
Hawaii
4%
Remove Ads.
Support Sporcle.
Get the best of Sporcle when you Go Orange. This ad-free experience offers more features, more stats, and more fun while also helping to support Sporcle. Thank you for becoming a member.

You're not logged in!

Compare scores with friends on all Sporcle quizzes.
OR
Log In

Show Comments

Extras

Top Quizzes Today


Score Distribution

Your Account Isn't Verified!

In order to create a playlist on Sporcle, you need to verify the email address you used during registration. Go to your Sporcle Settings to finish the process.

Report this User

Report this user for behavior that violates our Community Guidelines.

Details: